Statistics for 10 стран мира по населению

Click here to take the quiz!

General Stats

  • This quiz has been taken 7 974 times
  • The average score is 7 of 10

Answer Stats

Численность населения (2019 год)Страна% Correct
1 415 515 674Китай
100%
146 033 315Россия
98%
1 425 457 000Индия
96%
333 449 281Соединённые Штаты Америки
96%
209 711 880Бразилия
78%
128 649 565Мексика
53%
180 493 402Бангладеш
52%
277 311 900Индонезия
46%
230 267 724Пакистан
43%
219 305 856Нигерия
39%

Score Distribution

Percentile by Number Answered

Percent of People with Each Score

Your Score History

You have not taken this quiz